Introduction to mass communication : (Record no. 8881)
[ view plain ]
| 000 -LEADER | |
|---|---|
| fixed length control field | 00757nam a22002297a 4500 |
| 003 - CONTROL NUMBER IDENTIFIER | |
| control field | OSt |
| 005 - DATE AND TIME OF LATEST TRANSACTION | |
| control field | 20260310081043.0 |
| 008 - FIXED-LENGTH DATA ELEMENTS--GENERAL INFORMATION | |
| fixed length control field | 260310b |||||||| |||| 00| 0 eng d |
| 020 ## - INTERNATIONAL STANDARD BOOK NUMBER | |
| International Standard Book Number | 0-07-125509-5. |
| 040 ## - CATALOGING SOURCE | |
| Original cataloging agency | DWC-Main lib |
| Transcribing agency | OC |
| 082 ## - DEWEY DECIMAL CLASSIFICATION NUMBER | |
| Edition number | 4th ed. |
| Classification number | Circ. 302.23 B225i 2006 |
| 100 ## - MAIN ENTRY--PERSONAL NAME | |
| Personal name | Baran, Stanley J. |
| 245 ## - TITLE STATEMENT | |
| Title | Introduction to mass communication : |
| Remainder of title | media literacy and culture/ |
| Statement of responsibility, etc. | Stanley J. Baran |
| 250 ## - EDITION STATEMENT | |
| Edition statement | 4th ed. |
| 260 ## - PUBLICATION, DISTRIBUTION, ETC. | |
| Place of publication, distribution, etc. | N. Y. : |
| Name of publisher, distributor, etc. | McGraw-Hill, |
| Date of publication, distribution, etc. | c2006. |
| 300 ## - PHYSICAL DESCRIPTION | |
| Extent | xxxvi, various paging : |
| Other physical details | ill. ; |
| Dimensions | 26 cm. |
| 504 ## - BIBLIOGRAPHY, ETC. NOTE | |
| Bibliography, etc. note | Includes bibliographical references and index. |
| 650 ## - SUBJECT ADDED ENTRY--TOPICAL TERM | |
| Topical term or geographic name entry element | 1. Mass media and culture. |
| 650 ## - SUBJECT ADDED ENTRY--TOPICAL TERM | |
| Topical term or geographic name entry element | 2. Mass media. |
| 650 ## - SUBJECT ADDED ENTRY--TOPICAL TERM | |
| Topical term or geographic name entry element | 3. Media literacy. |
| 942 ## - ADDED ENTRY ELEMENTS (KOHA) | |
| Source of classification or shelving scheme | Dewey Decimal Classification |
| Koha item type | Book Circulation |
| Edition | 4th ed. |
| Call number prefix | Circ. |
| Suppress in OPAC | No |
| 952 ## - LOCATION AND ITEM INFORMATION (KOHA) | |
| -- | |
| 952 ## - LOCATION AND ITEM INFORMATION (KOHA) | |
| -- | |
| Withdrawn status | Lost status | Source of classification or shelving scheme | Damaged status | Not for loan | Home library | Current library | Shelving location | Date acquired | Source of acquisition | Cost, normal purchase price | Total Checkouts | Full call number | Barcode | Date last seen | Copy number | Price effective from | Koha item type | Uniform Resource Identifier |
|---|---|---|---|---|---|---|---|---|---|---|---|---|---|---|---|---|---|---|
| Dewey Decimal Classification | College Library | College Library | Circulation | 07/23/2007 | School Fund | 375.00 | Circ. 302.23 B225i 2006 | CL44989 | 03/10/2026 | c1 | 03/10/2026 | BK-CIRC | ||||||
| Dewey Decimal Classification | College Library | College Library | Circulation | 07/23/2007 | School Fund | 375.00 | Circ. 302.23 B225i 2006 | CL44990 | 03/10/2026 | c2 | 03/10/2026 | BK-CIRC |